000 00612nam a2200181Ia 4500
008 090124s9999 xx 000 0 und d
082 _b121857
100 _aकोपर्डेकर शरदचंद्र
245 _a स्वामी विवेकानंद
250 _a1
260 _c1986
300 _a142
600 _aकोपर्डेकर शरदचंद्र
630 _a स्वामी विवेकानंद
700 _aकोपर्डेकर शरदचंद्र
730 _a स्वामी विवेकानंद
942 _cBOOK
999 _c167943
_d167943